Štatistika a riadenie kvality /

Gespeichert in:
Bibliographische Detailangaben
1. Verfasser: Chajdiak, Jozef (Verfasst von)
Format: Buch
Sprache:Slowakisch
Veröffentlicht: Bratislava : Statis, 1995
Tags: Tag hinzufügen
Keine Tags, Fügen Sie das erste Tag hinzu!

MARC

LEADER 00000nam a22000003a 4500
001 stu29972
005 20150617225734.8
008 951130s1995----xo------------------slo-d
020 |a 80-85659-04-2 
040 |a STU  |b slo 
041 0 |a slo 
044 |a xo 
080 |a 311.1 
080 |a 519.2 
100 1 |a Chajdiak, Jozef  |4 aut 
245 1 |a Štatistika a riadenie kvality /  |c [aut]Chajdiak,Jozef 
260 |a Bratislava :  |b Statis,  |c 1995 
300 |a 164 s 
996 |c V*43673/O-18977  |l VV16  |s P  |a 0  |w stu29972_0001